Cap clair country - paroles - Statistiques

Statistiques générales
  • Ce quiz a été pris 19 fois
  • Le résultat moyen est 210 sur 278
Statistiques - réponses
Réponse % Correct
ça
100%
cap
100%
clair
100%
faut
100%
il
100%
Il
100%
l'
100%
un
100%
Un
100%
la
94%
94%
NUPES
94%
on
94%
pas
94%
refaire
94%
va
94%
a
88%
à
88%
à gauche
88%
de
88%
des
88%
en
88%
force
88%
gauche
88%
inversion
88%
je
88%
rapports
88%
suis
88%
tête
88%
une
88%
Une
88%
y
88%
conditions
81%
donc
81%
eu
81%
les
75%
Les
75%
voila
75%
voilà
75%
du
38%
D'abord
25%
ne
25%
résistance
25%
se
25%
si
25%
avenir
19%
construction
19%
continent
19%
Et
19%
européenne
19%
fait
19%
indéfectible
19%
joue
19%
politique
19%
soutien
19%
ukrainien
19%
vie
19%
assurance
13%
brutalisation
13%
calomnies
13%
Car
13%
ce
13%
ces
13%
chômage
13%
Ensuite
13%
moment
13%
réforme
13%
remplies
13%
retraites
13%
sont
13%
ukrainienne
13%
abrogation
6%
accélération
6%
doivent
6%
écologique
6%
Elles
6%
enfin
6%
être
6%
fakes
6%
immigration
6%
insultes
6%
loi
6%
news
6%
rejet
6%
transition
6%
Aucun quiz correspondant
Distribution des résultats
% des personnes avec chaque résultat
Percentile par nombre de réponses
Votre historique - résultats
Vous n’avez pas pris ce quiz